|
|
|
|
| LEADER |
01219nam a2200301 a 4500 |
| 001 |
3607005 |
| 003 |
BD-DhAAL |
| 008 |
100110s20082007nyua b 001 0 eng d |
| 010 |
|
|
|a 72090950
|
| 020 |
|
|
|a 8131716228
|
| 020 |
|
|
|a 0390290009
|
| 040 |
|
|
|a DLC
|c DLC
|d DLC
|d BD-DhAAL
|
| 082 |
0 |
0 |
|a 301
|2 22
|
| 100 |
1 |
|
|a Ember, Carol R.
|9 60328
|
| 245 |
0 |
0 |
|a Anthropology /
|c Carol R. Ember, Melvin Ember,Peter N. Peregrine
|
| 250 |
|
|
|a Twelfth edition.
|
| 260 |
|
|
|a New York ;
|a New Delhi :
|b Pearson Education,
|c 2007[printing 2008].
|
| 300 |
|
|
|a xix, 652 pages :
|b illustrations ;
|c 25 cm.
|
| 504 |
|
|
|a Includes bibliographical references and indexes.
|
| 541 |
1 |
|
|e 00018520
|
| 650 |
|
0 |
|a Anthropology.
|
| 700 |
1 |
|
|a Ember, Melvin
|9 60329
|
| 700 |
1 |
|
|a Peregrine, Peter N.
|9 60330
|
| 852 |
4 |
|
|a Ayesha Abed Library
|j General Shelf.
|
| 942 |
|
|
|2 ddc
|c BK
|
| 999 |
|
|
|c 6850
|d 6850
|
| 952 |
|
|
|0 0
|1 0
|2 ddc
|4 0
|6 301_EMB_200800000000000
|7 0
|9 7061
|a BRACUL
|b BRACUL
|c GEN
|d 2010-01-11
|l 6
|m 26
|o 301 EMB
|p 3010018520
|r 2025-02-09
|s 2025-01-11
|t 1
|w 2010-01-11
|y BK
|
| 952 |
|
|
|0 0
|1 0
|2 ddc
|4 0
|6 301_000000000000000_EMB
|7 0
|9 22234
|a IGS
|b IGS
|c GEN
|d 2013-04-28
|e A H Development Publishing House
|g 975.00
|l 0
|o 301 EMB
|p 3010026853
|r 2013-04-28
|t 1
|w 2013-04-28
|y BK
|